• 首页
  • 本馆介绍
  • 公告通知
  • 最新文献
  • 馆藏检索
  • 电子资源
  • 读者导购
  • 参考咨询
  • 我的图书馆
  • 登录
  • 详细信息显示
  • 放入我的书架
  • 预约/预借图书
  • 作者相关作品
  • 分类相关作品
  • 丛书相关作品
  • 出版社相关作品

书目信息

  • 表格格式
  • 工作单格式
  • 卡片格式
题名:
儿童感觉统合训练入门
    
 
作者: 王选民 编著
分册:  
出版信息: 北京   中国纺织出版社有限公司  2020
页数: 231页
开本: 21cm
丛书名:
单 册:
中图分类: B844.12 , B844.1
科图分类:
主题词: 儿童--感觉统合失调--训练
电子资源:
ISBN: 978-7-5180-7325-2
000 00954nam0 2200229 450
001 2051433473
005 20201203141722.94
010    @a978-7-5180-7325-2@dCNY29.80
100    @a20200927d2020 em y0chiy50 ea
101 0  @achi
102    @aCN@b110000
105    @aa z 000yy
200 1  @a儿童感觉统合训练入门@9er tong gan jue tong he xun lian ru men@b专著@f王选民编著
210    @a北京@c中国纺织出版社有限公司@d2020
215    @a231页@c图@d21cm
330    @a本书共12章,内容包括:认识并了解感觉统合、什么是感觉统合失调、什么是感觉统合训练、了解三大感觉系统的功能与失调表现、家庭中的感觉统合能力训练、家庭中孩子的前庭觉训练如何进行、家庭中孩子的本体觉训练如何进行、家庭中孩子的触觉训练如何进行、家庭中的视听统合训练、家庭中孩子的精细动作训练如何进行等。
606 0  @a儿童@x感觉统合失调@x训练
690    @aB844.12@v5
690    @aB844.1@v4
701  0 @a王选民@9wang xuan min@4编著
801  2 @aCN@b58marc.cn@c20201109
905    @aZUCC@dB844.1@e34
    
    儿童感觉统合训练入门/王选民编著.-北京:中国纺织出版社有限公司,2020
    231页:图;21cm
    
    
    ISBN 978-7-5180-7325-2:CNY29.80
    本书共12章,内容包括:认识并了解感觉统合、什么是感觉统合失调、什么是感觉统合训练、了解三大感觉系统的功能与失调表现、家庭中的感觉统合能力训练、家庭中孩子的前庭觉训练如何进行、家庭中孩子的本体觉训练如何进行、家庭中孩子的触觉训练如何进行、家庭中的视听统合训练、家庭中孩子的精细动作训练如何进行等。
●
相关链接 在五车中查询图书 在当当中查询图书 在豆瓣中查询图书


正题名:儿童感觉统合训练入门     索取号:B844.1/34         预约/预借

序号 登录号 条形码 馆藏地/架位号 状态 备注
1 2000875556   2000875556   第二书库/ [索取号:B844.1/34] 在馆    
2 2000875557   2000875557   第二书库/ [索取号:B844.1/34] 在馆    
3 2000875558   2000875558   第二书库/ [索取号:B844.1/34] 在馆    
山东省滨州职业学院图书馆 欢迎您!
大连网信软件有限公司© 版权所有